000 00212nam a22000857a 4500
008 170131b xxu||||| |||| 00| 0 eng d
100 _92691
_aChrismer.M
245 _aMultiply This
260 _aNew York
_bScholastic
_c2005
999 _c5852
_d5852